Computer networks : (Record no. 526978)
[ view plain ]
| 000 -LEADER | |
|---|---|
| fixed length control field | 01434cam a2200325 a 4500 |
| 001 - CONTROL NUMBER | |
| control field | 16628399 |
| 003 - CONTROL NUMBER IDENTIFIER | |
| control field | NUST |
| 005 - DATE AND TIME OF LATEST TRANSACTION | |
| control field | 20190718063627.0 |
| 008 - FIXED-LENGTH DATA ELEMENTS--GENERAL INFORMATION | |
| fixed length control field | 110128s2012 ne a b 001 0 eng |
| 010 ## - LIBRARY OF CONGRESS CONTROL NUMBER | |
| LC control number | 2011000786 |
| 020 ## - INTERNATIONAL STANDARD BOOK NUMBER | |
| International Standard Book Number | 9789380501932 |
| 038 ## - RECORD CONTENT LICENSOR | |
| Staff Name | Arshad |
| 040 ## - CATALOGING SOURCE | |
| Original cataloging agency | DLC |
| Transcribing agency | DLC |
| Modifying agency | DLC |
| 042 ## - AUTHENTICATION CODE | |
| Authentication code | pcc |
| 050 00 - LIBRARY OF CONGRESS CALL NUMBER | |
| Classification number | TK5105.5 |
| Item number | .P479 2012 |
| 082 00 - DEWEY DECIMAL CLASSIFICATION NUMBER | |
| Classification number | 004.6 |
| Author Mark | PET |
| 100 1# - MAIN ENTRY--PERSONAL NAME | |
| Personal name | Peterson, Larry L. |
| 9 (RLIN) | 18008 |
| 245 10 - TITLE STATEMENT | |
| Title | Computer networks : |
| Remainder of title | a systems approach / |
| Statement of responsibility, etc. | Larry L. Peterson and Bruce S. Davie. |
| 250 ## - EDITION STATEMENT | |
| Edition statement | 5th ed. |
| 260 ## - PUBLICATION, DISTRIBUTION, ETC. | |
| Place of publication, distribution, etc. | Amsterdam ; |
| -- | Boston : |
| Name of publisher, distributor, etc. | Morgan Kaufmann, |
| Date of publication, distribution, etc. | 2012. |
| 300 ## - PHYSICAL DESCRIPTION | |
| Extent | xxxi, 884 p. : |
| Other physical details | ill. ; |
| Dimensions | 25 cm. |
| 490 0# - SERIES STATEMENT | |
| Series statement | The Morgan Kaufmann series in networking |
| 504 ## - BIBLIOGRAPHY, ETC. NOTE | |
| Bibliography, etc. note | Includes bibliographical references (p. 837-850) and index. |
| 505 8# - FORMATTED CONTENTS NOTE | |
| Formatted contents note | Machine generated contents note: Chapter 1. Foundation; Chapter 2. Getting Connected; Chapter 3. Internetworking; Chapter 4. Advanced Internetworking; Chapter 5. End-to-End Protocols; Chapter 6. Congestion Control and Resource Allocation; Chapter 7. End-to-End Data; Chapter 8. Network Security; Chapter 9. Applications; Solutions to Selected Exercises; Glossary; Bibliography. |
| 650 #0 - SUBJECT ADDED ENTRY--TOPICAL TERM | |
| Topical term or geographic name entry element | Computer networks. |
| 9 (RLIN) | 3677 |
| 700 1# - ADDED ENTRY--PERSONAL NAME | |
| Personal name | Davie, Bruce S. |
| 9 (RLIN) | 18009 |
| 906 ## - LOCAL DATA ELEMENT F, LDF (RLIN) | |
| a | 7 |
| b | cbc |
| c | orignew |
| d | 1 |
| e | ecip |
| f | 20 |
| g | y-gencatlg |
| 942 ## - ADDED ENTRY ELEMENTS (KOHA) | |
| Source of classification or shelving scheme | |
| Koha item type | Book |
| Withdrawn status | Lost status | Source of classification or shelving scheme | Damaged status | Not for loan | Permanent Location | Current Location | Shelving location | Date acquired | Source of acquisition | Cost, normal purchase price | Total Checkouts | Full call number | Barcode | Date last seen | Price effective from | Koha item type |
|---|---|---|---|---|---|---|---|---|---|---|---|---|---|---|---|---|
| NUST Baluchistan Campus (NBC) | NUST Baluchistan Campus (NBC) | Book Cart | 07/18/2019 | Puchased | 0.00 | 004.6 PET | Q-30 | 07/18/2019 | 07/18/2019 | Book | ||||||
| NUST Baluchistan Campus (NBC) | NUST Baluchistan Campus (NBC) | Book Cart | 07/18/2019 | Puchased | 0.00 | 004.6 PET | Q-31 | 07/18/2019 | 07/18/2019 | Book | ||||||
| NUST Baluchistan Campus (NBC) | NUST Baluchistan Campus (NBC) | Book Cart | 07/18/2019 | Puchased | 0.00 | 004.6 PET | Q-32 | 07/18/2019 | 07/18/2019 | Book | ||||||
| NUST Baluchistan Campus (NBC) | NUST Baluchistan Campus (NBC) | Book Cart | 07/18/2019 | Puchased | 0.00 | 004.6 PET | Q-33 | 07/18/2019 | 07/18/2019 | Book | ||||||
| NUST Baluchistan Campus (NBC) | NUST Baluchistan Campus (NBC) | Book Cart | 07/18/2019 | Puchased | 0.00 | 004.6 PET | Q-34 | 07/18/2019 | 07/18/2019 | Book |
